000 00533nam a2200193Ia 4500
005 20260415160316.0
008 008 250505s9999 xx 000 0 eng d
037 _aTextual
040 _aFEDL
_beng
_cFEDL
041 _aeng
_2eng
084 _a330.1 TAU
_qFEDL
100 _aTaussig F. W.
_91234847
245 0 _aPrinciples of economics, 2 Vols
250 _a4
260 _aNew York, USA
_bThe Macmillan Company
650 _aEconomics
942 _cTEXL
_h330.1 TAU
999 _c1321524
_d1321524